Trh práce Slovenska v rámci EÚ a V4
Príspevok je venovaný trhu práce Slovenska a jeho postaveniu v rámci Európy a krajín V4. Stav bol hodnotený na základe zvolených ukazovateľov ktorými boli: celková zamestnanosť, hodinová produktivita práce, hodinová cena práce v EUR a pomer cenových hladín (CPL). Zvolené ukazovatele boli zároveň por...
Salvato in:
| Autore principale: | |
|---|---|
| Natura: | Capitolo di libro |
| Lingua: | slovacco |
| Soggetti: | |
| Tags: |
Nessun Tag, puoi essere il primo ad aggiungerne!!
|
MARC
| LEADER | 00000nla a2200000 4500 | ||
|---|---|---|---|
| 001 | 0188921 | ||
| 005 | 20240502073209.0 | ||
| 041 | 0 | |a slo | |
| 044 | |a SK | ||
| 245 | 1 | 0 | |a Trh práce Slovenska v rámci EÚ a V4 |c Matej Valach |
| 520 | |a Príspevok je venovaný trhu práce Slovenska a jeho postaveniu v rámci Európy a krajín V4. Stav bol hodnotený na základe zvolených ukazovateľov ktorými boli: celková zamestnanosť, hodinová produktivita práce, hodinová cena práce v EUR a pomer cenových hladín (CPL). Zvolené ukazovatele boli zároveň porovnávané s priemermi EÚ a krajinami V4 pre ich lepšiu vypovedaciu schopnosť. | ||
| 610 | 2 | 0 | |a trh práce |
| 610 | 2 | 0 | |a produktivita práce |
| 610 | 2 | 0 | |a cena práce |
| 610 | 2 | 0 | |a zamestnanosť |
| 610 | 2 | 0 | |a Slovensko |
| 610 | 2 | 0 | |a Európa |
| 610 | 2 | 0 | |a Vyšehradská štvorka |
| 610 | 2 | 0 | |a porovnanie medzinárodné |
| 100 | 1 | |a Valach, Matej | |